000 00771nam a22002411 4500
001 1156
003 BD-RjUL
005 20211208233302.0
008 131124s1966 enkacf 000 0 eng
035 _a(BD-RjUL)1178
040 _aDLC
_cDLC
_dDLC
_d(BD-RjUL
_beng
041 _aeng
082 0 0 _a072
_221
_bFLE 1966
245 0 0 _aFleet Street :
_bthe inside story of journalism /
_cWith a foreword by H.R.H. the Duke of Edinburgh.
260 _aLondon,
_bMacdonald
_cc1966
300 _a219 p.
_bcol. front., illus., 19 plates (incl. ports.) ;
_c25 1/2 cm.
500 _aProduction team: Vivian Brodzky [and others]
650 0 _aJournalism
_zGreat Britain.
_93423
700 1 _aBrodzky, Vivian.
_93424
942 _2ddc
_cBK
999 _c1156
_d1156